Meetings (Record no. 111999)

MARC details
000 -LEADER
fixed length control field 00281pam a2200133 a 4500
020 ## - INTERNATIONAL STANDARD BOOK NUMBER
Terms of availability
041 ## - LANGUAGE CODE
Language code of original
082 ## - DEWEY DECIMAL CLASSIFICATION NUMBER
Classification number 606
Item number HEA
100 ## - MAIN ENTRY--PERSONAL NAME
Personal name Head, F.D.
245 ## - TITLE STATEMENT
Title Meetings
Medium Textual Documents
260 ## - PUBLICATION, DISTRIBUTION, ETC.
Place of publication, distribution, etc. London
Name of publisher, distributor, etc. Sir Isaac Pitman And Sons
300 ## - PHYSICAL DESCRIPTION
Extent 247/CB
930 ## - EQUIVALENCE OR CROSS-REFERENCE-UNIFORM TITLE HEADING [LOCAL, CANADA]
Uniform title 5169
Holdings
Withdrawn status Lost status Damaged status Not for loan Collection Home library Current library Shelving location Date acquired Source of acquisition Cost, normal purchase price Total Checkouts Full call number Barcode Date last seen Copy number Price effective from Koha item type
          Abhijit Kadam Institute of Management & Social Science, Solapur Abhijit Kadam Institute of Management & Social Science, Solapur   10/07/1983 Mallikarjun Raddi Book Depot 40.00   606 HEA AKS-M-00871 01/03/2023 1 01/03/2023 Book